000 00658nam a2200229 i 4500
001 175512
003 ES-MaACL
005 20250824201129.0
007 t|
008 101103s1979 sp a r ||||1| spa d
020 _a84-85551-06-0
080 _a821.134.2-1"19"
100 1 _aLupiáñez, José.
_974802
245 1 0 _aLadrón de fuego /
_cJosé Lupiáñez.
250 _a3ª ed.
260 _aGranada :
_bAntonio Ubago,
_c1979.
300 _a46 p. , [4] h. de lám. ;
_c21 cm.
490 1 _aÁnade. Libros de poesía ;
_v7
830 0 0 _aÁnade.
_pLibros de poesía
_v7
_9189790
852 _aES-MaACL
_j13417
_xOlim P-330
999 _c175512
_d175512